000 00583nam a2200193Ia 4500
003 GCL
005 20240530103353.0
008 140319s9999 xx 000 0 ara d
040 _aGCL /
_cGCL
082 0 4 _a301.5
_bم م
100 1 _aسعدالدين ابراهيم
245 1 0 _aالمجتمع المدنى والتحول الديموقراطى فى البحرين /
_cسعدالدين ابراهيم
300 _a131 ص
650 0 4 _aالبحرين
650 0 4 _aالهيئات
650 0 4 _aالجمعيات
700 1 _aمنيرة احمد فخرو
942 _2ddc
_cBK
999 _c38885
_d38885